Library Banner

پاکستان کی سیاسی تاریخ (Record no. 69860)

MARC details
000 -LEADER
fixed length control field 00546nam a22001697a 4500
005 - DATE AND TIME OF LATEST TRANSACTION
control field 20150410111931.0
008 - FIXED-LENGTH DATA ELEMENTS--GENERAL INFORMATION
fixed length control field 150410b xxu||||| |||| 00| 0 eng d
040 ## - CATALOGING SOURCE
Transcribing agency PK-LaUMT
082 ## - DEWEY DECIMAL CLASSIFICATION NUMBER
Classification number KHC 954.0359
Item number ZAH-P
100 ## - MAIN ENTRY--PERSONAL NAME
Personal name زاھد چودھری
245 ## - TITLE STATEMENT
Title پاکستان کی سیاسی تاریخ
Remainder of title پاکستان کیسے بنا؟
Statement of responsibility, etc زاھد چودھری
260 ## - PUBLICATION, DISTRIBUTION, ETC. (IMPRINT)
Place of publication, distribution, etc لاہور
Name of publisher, distributor, etc ادارہ مطالعہ تاریخ
Date of publication, distribution, etc 1993
300 ## - PHYSICAL DESCRIPTION
Extent 565 ص
490 ## - SERIES STATEMENT
Volume number/sequential designation جلد(دوم
700 ## - ADDED ENTRY--PERSONAL NAME
Personal name حسن فعفر زیدی(ترتیب
942 ## - ADDED ENTRY ELEMENTS (KOHA)
Koha item type Books
Holdings
Withdrawn status Lost status Damaged status Home library Current library Date acquired Full call number Barcode Date last seen Price effective from Koha item type
      UMT Main Campus UMT Main Campus 2015-04-10 KHC 954.0359 ZAH-P 73984 2015-04-10 2015-04-10 Books